00956nam a2200265 i 4500003000900000005001700009007000300026008004100029020001800070040003000088082002100118100004800139245006700187264007300254300002500327336002700352337003300379338002800412490001400440500007000454500006100524586005500585650002400640650002600664DO-SdBNP20250403150013.0ta250402t2024 dr 000 pdspa d z9789945500103 aDO-SdBNPbspacBNPHUerda aRD861bL318V2221 aLara Vizcaíno, Deuri d1994-eautor4aut.10aVirginia, en mi escritura cruje la vida /cDeuri Lara Vizcaino aSanto Domingo :bEditora Nacional,bEditora Amigo del Hogar, c2024. a98 páginasc21 cm. atextobtxt2rdacontent asin mediaciónbn2rdamedia avolumenbnc2rdacarrier1 aPoesía  aIncluye datos biográficos del autor en la solapa de la portada. aLa biblioteca posee la reimpresión de septiembre 2024. aPremio Joven de poesía Zacarías Espinal, 2020. 7aPoesía Dominicana 7aLiteratura Dominicana